00354cam a2200157ua 45000010005000000080039000050400009000440410008000530820012000611000024000732450034000972500009001312600026001403000010001666530020001767293141206n ii |||gr||||Z||||||ben cMAIN aben a891.443 aDoyel, K.,eAuthor.1 aThe last wildcBy Konan Doyel a1st. aKolkata:bDeb,c1975. a128p. aBengali fiction